000 00595nam a22001937a 4500
999 _c172426
_d172426
005 20200205122426.0
010 _a884809
020 _c25.00
035 _a884809
037 _bBPPD/Pub.
082 _a841.08
100 _aاخلاق حسین عارف
245 _aغالب اور فن تنقیر /
_cاخلاق حسین عارف
246 _aGhalib Aur Fann Tanqeer (Urdu) /
_bby Akhlaq Hussain Arif
260 _aNew Delhi
_bGhalib Academy
_c1977 ء
270 _aBasti Hazrat Nizamuddin
_bDelhi
300 _a416p.
_c21cm(Hb)
942 _2ddc
_cUR
_h841.08
_mا خ ل